Egregiously Drawn Flags #2 - Statistics

General Stats
  • This quiz has been taken 91 times
  • The average score is 9 of 10
Answer Stats
Picture Answer % Correct
Bhutan
99%
Slovenia
99%
Dominica
96%
Central African Republic
95%
San Marino
92%
Mozambique
89%
Turkmenistan
89%
Kazakhstan
86%
Eritrea
78%
Liechtenstein
78%
No matching quizzes found
Score Distribution
Percent of People with Each Score
Percentile by Number Answered
Your Score History
You have not taken this quiz